Fancy, Expensive Foods - Statistics

General Stats
  • This quiz has been taken 166 times
  • The average score is 7 of 15
Answer Stats
Clue Answer % Correct
Fish babies Caviar
82%
Aromatic spice Saffron
70%
Slimy, in a shell Oyster
64%
Mushroom Truffle
58%
Japanese meat Kobe Beef
51%
Dessert ( __ Factory) Cheesecake
50%
Alcoholic Drink Wine
50%
Festive drink Champagne
47%
French liver Foie gras
47%
Japanese meat Wagyu Beef
43%
On rice Sashimi
42%
Creamy, yellow, sea Sea Urchin
23%
Compliments bread Olive Oil
21%
Swiss cheese Gruyere
16%
Smooth, oily cod Sable
1%
No matching quizzes found
Score Distribution
Percent of People with Each Score
Percentile by Number Answered
Your Score History
You have not taken this quiz